01552pab a2200157 454500008004000000100001800040245012800058260000900186300001500195362001200210520107000222650002801292700002201320700001901342773003301361180718b2015 xxu||||| |||| 00| 0 eng d aPeng, Shuyang aIs there a nonprofit advantage? examining the impact of institutional context on individual organizational value congruence c2015 ap.585-596. aJul-Aug aThis article addresses an important question: do nonprofit organizations have an advantage over public organizations in fostering individual organizational value congruence? The authors argue that nonprofit organizations do have an advantage. This is because institutional differences between the two sectors become manifest through nonprofit status and the extent of external control, which influences the organization and the individual. External control and sector status (nonprofit versus public) determine the extent of centralization, organizational goal ambiguity, and work autonomy. In turn, these three organizational characteristics shape individual organizational value congruence. Although the results provide support for the nonprofit advantage thesis, it is worth noting that organizational effects on individual organizational value congruence are more powerful. Indeed, the results suggest that managerial and organizational actions, compared with sector status, are more likely to influence individual organizational value congruence. - Reproduced. aNonprofit organizations aPandey, Sanjay K. aPandey, Sheela aPublic Administration Review